| 000 | 00650nam a2200181 i 4500 | ||
|---|---|---|---|
| 001 | 72103 | ||
| 003 | ES-MaACL | ||
| 005 | 20230906171326.0 | ||
| 007 | t| | ||
| 008 | 040826s1926 sp ||||1| spa d | ||
| 100 | 1 |
_aGil y Ruiz, Rodrigo. _956901 |
|
| 245 | 1 | 0 |
_aProyecto de investigación de yacimientos de combustibles minerales líquidos / _cpor Rodrigo Gil y Ruiz. |
| 260 |
_aMadrid : _b[s.n., _c1926] ( _fImp. de la Ciudad Lineal) |
||
| 300 |
_a23 p. ; _c25 cm. |
||
| 500 | _aPrecede al tit.: Geos, Instituto Privado de Geofísica Práctica. | ||
| 710 | 2 |
_aGeos, Instituto Privado de Geofísica Práctica. _94468 |
|
| 852 |
_aES-MaACL _j1757-F-38 |
||
| 999 |
_c72103 _d72103 |
||